[Event "Tournoi Ouvert de Gatineau (B)"]
[Site "Gatineau"]
[Date "2015.03.??"]
[Round "1"]
[White "Jobin, Gilles G "]
[Black "Langer, Herb "]
[Result "1-0"]
[BlackElo "1730"]
[WhiteElo "1843"]

1.d3 d5 2.Nf3 Nf6 3.g3 c6 4.Bg2 Bg4 5.O-O Nbd7 6.Nbd2 e5 7.e4 Bd6 8.Re1 O-O
9.Nf1 d4 10.h3 Bh5 11.g4 Bg6 12.Ng3 h6 13.Bd2 Qc7 14.Qc1 Rfe8 15.Nh4 Bh7
16.Nhf5 Bf8 17.Kh1 Kh8 18.Bf3 g5 19.h4 gxh4 20.Nxh4 Ng8 21.Nhf5 Re6 22.Kg2
Bxf5 23.exf5 Rd6 24.Ne4 Rd5 25.Rh1 Kh7 26.g5 Nc5 27.gxh6 $6 ( 27.Nf6+ Nxf6 ( 
27...Kh8 28.Bxd5 cxd5 29.g6 Nxf6 30.Bxh6 fxg6 31.Bxf8+ Kg8 32.Qh6 Rxf8
33.Qh8+ Kf7 34.Rh7+ Ke8 35.Qxf8+ Kxf8 36.Rxc7 Ncd7 37.fxg6 ) 28.gxf6 )
27...Nxe4 28.Bxe4 ( 28.dxe4 Rd6 29.Rh3 ) 28...Rd6 29.Kf3 Nf6 30.Qg1 Nxe4
31.dxe4 c5 32.Qg4 Qc6 33.Rag1 1-0

[Event "Tournoi Ouvert de Gatineau (B)"]
[Site "Gatineau"]
[Date "2015.03.??"]
[Round "1"]
[White "Zumsteg, Nicolas "]
[Black "Senechal, Sylvain "]
[Result "1-0"]
[BlackElo "1837"]
[WhiteElo "1726"]

1.e4 e5 2.Nf3 Nc6 3.Bc4 Nf6 4.Ng5 d5 5.exd5 Na5 6.Bb5+ c6 7.dxc6 bxc6 8.Be2
Nd5 9.d4 Be7 10.Ne4 f5 11.Nec3 exd4 12.Qxd4 Bf6 13.Qc5 Qb6 14.Na4 Qb4+
15.Qxb4 Nxb4 16.Na3 Nd5 17.Bd2 Nb7 18.c4 Nb6 19.Nc3 Nc5 20.O-O-O O-O 21.Rhe1
Nba4 22.Nab1 Rb8 23.b3 Nb6 24.Bf4 Rb7 25.Bd6 Ne4 26.Nxe4 fxe4 27.Bxf8 Bg5+
28.Kc2 Kxf8 29.f3 Bf5 30.fxe4 Bxe4+ 31.Bd3 Bxg2 32.Rg1 1-0

[Event "Tournoi Ouvert de Gatineau (B)"]
[Site "Gatineau"]
[Date "2015.03.??"]
[Round "1"]
[White "Villeneuve, Luc "]
[Black "Yun, Ling Shi "]
[Result "1/2-1/2"]
[BlackElo "1716"]
[WhiteElo "1804"]

1.Nf3 d5 2.g3 Nf6 3.Bg2 g6 4.d3 Bg7 5.Nbd2 O-O 6.O-O Bd7 7.c4 c6 8.Ne5 dxc4
9.Nxd7 Nbxd7 10.Nxc4 Nd5 11.Bd2 N7b6 12.Ba5 Qc8 13.Qb3 Bd4 14.Rac1 e6 15.e4
Ne7 16.Bb4 Qd7 17.Na5 Rac8 18.Qa3 Rfe8 19.Nb3 Bf6 20.Nc5 Qc7 21.Rfd1 Rcd8
22.Bh3 Nec8 23.Qb3 e5 24.Bg2 Nd7 25.Ba3 Nxc5 26.Bxc5 Be7 27.Be3 Bf6 28.Bf1 b6
29.Rc2 Ne7 30.Rdc1 Qd7 31.Qa4 Kh8 32.Qc4 Kg7 33.Kg2 Kg8 34.Qb3 Kg7 1/2-1/2

[Event "Tournoi Ouvert de Gatineau (B)"]
[Site "Gatineau"]
[Date "2015.03.??"]
[Round "1"]
[White "Danis, Jacques "]
[Black "Morel, Joseph "]
[Result "1/2-1/2"]
[BlackElo "1780"]
[WhiteElo "1711"]

1.e4 c5 2.d4 cxd4 3.c3 d3 4.Bxd3 d6 5.c4 g6 6.Nc3 Bg7 7.Nge2 Nf6 8.Be3 Nc6
9.Qd2 Ng4 10.h3 Nxe3 11.Qxe3 Ne5 12.O-O Be6 13.b3 Qa5 14.Rac1 O-O 15.Bb1 Rac8
16.Rfd1 a6 17.Nd5 Bxd5 18.exd5 b5 19.f4 Bh6 20.g4 Nd7 21.cxb5 Rxc1 22.Rxc1
Qxb5 23.Be4 Qb7 24.Bf3 Nc5 25.Nd4 Rc8 26.Nc6 Re8 27.b4 Nd7 28.g5 Bg7 29.Kg2
Kf8 30.Rc2 Nb6 31.h4 h6 32.a3 hxg5 33.hxg5 Nd7 34.Re2 Nb8 35.Rc2 Nd7 36.Qd3
Nb6 37.Qb3 Kg8 38.a4 Na8 39.Be2 e6 40.Bc4 e5 41.fxe5 Bxe5 42.Rf2 Nb6 43.a5
Nxc4 44.Qxc4 Bg7 45.Re2 Rxe2+ 46.Qxe2 Qd7 47.Qe4 Kf8 48.Kg3 Bc3 49.Qe3 Bb2
50.Qe2 1/2-1/2

[Event "Tournoi Ouvert de Gatineau (B)"]
[Site "Gatineau"]
[Date "2015.03.??"]
[Round "1"]
[White "Kearnan, Dan "]
[Black "Legault, Stephane "]
[Result "1-0"]
[BlackElo "1686"]
[WhiteElo "1776"]

1.d4 d5 2.c4 dxc4 3.Nf3 Nf6 4.e3 e6 5.Bxc4 Bd6 6.Nc3 O-O 7.e4 Be7 8.Bf4 c6
9.Qe2 b5 10.Bb3 a5 11.Bc2 Ba6 12.Qd2 Nbd7 13.O-O Nb6 14.Ne5 Qc8 15.Rfd1 b4
16.Na4 Nc4 17.Nxc4 Bxc4 18.Nb6 Qa6 19.Nxa8 Rxa8 20.b3 Be2 21.Re1 Bh5 22.Bd3
Qb7 23.Rac1 Rd8 24.Be3 c5 25.Qb2 Ng4 26.Bb1 Nxe3 27.fxe3 cxd4 28.exd4 Bg5
29.Rc5 Qe7 30.Qc2 g6 31.Rc7 Qd6 32.d5 Bf6 33.Rc6 Bd4+ 34.Kh1 Qe5 35.Rc8 Qd6
36.dxe6 fxe6 37.Qc7 Qxc7 38.Rxc7 Bc3 39.Rc1 Rf8 40.Bd3 Bd2 41.Rf1 Bf4 42.Ra7
g5 43.g3 Be3 44.Rxf8+ Kxf8 45.Ra8+ Kf7 46.Kg2 Bd1 47.Rxa5 h5 48.h4 gxh4
49.gxh4 Bd4 50.Kg3 e5 51.Bc4+ Ke7 52.Rb5 Bc3 53.Kf2 Bg4 54.Be2 Bd4+ 55.Kf1
Bh3+ 56.Ke1 Bg4 57.Bxg4 hxg4 58.Kf1 g3 59.Rxb4 g2+ 60.Kxg2 1-0

[Event "Tournoi Ouvert de Gatineau (B)"]
[Site "Gatineau"]
[Date "2015.03.??"]
[Round "1"]
[White "Bilodeau, Victor "]
[Black "Van, Eric Dusen "]
[Result "0-1"]
[BlackElo "1677"]
[WhiteElo "1771"]

1.e4 e6 2.e5 d5 3.exd6 Bxd6 4.Nf3 Nf6 5.d4 O-O 6.Bd3 c5 7.c3 Nc6 8.Be3 cxd4
9.Nxd4 Nxd4 10.Bxd4 b6 11.Qc2 h6 12.Nd2 Bb7 13.f3 Rc8 14.O-O-O Nd5 15.Nc4 Bc5
16.Be4 Qe7 17.Kb1 Bxd4 18.Rxd4 Rxc4 19.Bxd5 Bxd5 20.Rd2 Qc7 21.h3 b5 22.a3 a5
23.Re1 b4 24.axb4 axb4 25.Re3 Rc8 26.Rdd3 bxc3 27.bxc3 Qa7 28.Kc1 Ra4 0-1

[Event "Tournoi Ouvert de Gatineau (B)"]
[Site "Gatineau"]
[Date "2015.03.??"]
[Round "1"]
[White "Vlasenko, Konstantin "]
[Black "Demchenko, Svitlana "]
[Result "1-0"]
[BlackElo "1760"]
[WhiteElo "1613"]

1.e4 c6 2.d4 d5 3.e5 Bf5 4.h4 h6 5.g4 Be4 6.f3 Bh7 7.e6 fxe6 8.Bd3 Bxd3
9.Qxd3 Qd6 10.Qg6+ Kd7 11.f4 Na6 12.Nf3 e5 13.Nxe5+ Kc7 14.Qf5 e6 15.Qf7+ Qe7
16.g5 hxg5 17.fxg5 Qxf7 18.Nxf7 Rh5 19.Bf4+ Kd7 20.c3 Ne7 21.Nd2 Ng6 22.Bg3
Be7 23.Nf3 Rf8 24.N3e5+ Nxe5 25.Nxe5+ Ke8 26.Ke2 Bd6 27.Raf1 Bxe5 28.Rxf8+
Kxf8 29.Bxe5 b6 30.b4 g6 31.Kf3 Rh7 32.Kg4 Nc7 33.Rf1+ Kg8 34.Rf6 Nb5
35.Rxg6+ Kf7 36.Rf6+ Ke7 37.g6 Rg7 38.h5 Nxc3 39.h6 Rg8 40.h7 1-0

[Event "Tournoi Ouvert de Gatineau (B)"]
[Site "Gatineau"]
[Date "2015.03.??"]
[Round "1"]
[White "Raymond, Daniel "]
[Black "Arsenault, Yves "]
[Result "1/2-1/2"]
[BlackElo "1603"]
[WhiteElo "1757"]

1.e4 c5 2.Nf3 Nc6 3.Nc3 e5 4.Bc4 Be7 5.d3 Nf6 6.O-O O-O 7.Nd5 d6 8.Nxe7+ Nxe7
9.Bg5 Ng6 10.Nh4 Nxh4 11.Bxh4 h6 12.Bg3 g5 13.h4 g4 14.Qd2 Kg7 15.Rad1 Nh5
16.c3 f5 17.exf5 Bxf5 18.Bd5 Qe7 19.Rde1 Nf6 20.Bb3 Qd7 21.Qd1 Rae8 22.c4 a6
23.Bc2 b5 24.a3 Qc7 25.b4 bxc4 26.dxc4 Bxc2 27.Qxc2 cxb4 28.axb4 d5 29.Qb2
dxc4 30.Bxe5 Qc6 31.Rd1 Rd8 32.Qc3 Qe6 33.Bxf6+ Qxf6 34.Qxc4 Rxd1 35.Rxd1
Qxf2+ 36.Kh1 Qxh4+ 37.Kg1 Qf2+ 38.Kh1 1/2-1/2

[Event "Tournoi Ouvert de Gatineau (B)"]
[Site "Gatineau"]
[Date "2015.03.??"]
[Round "1"]
[White "Bergeron, Jean-guy "]
[Black "Danilov, Alex "]
[Result "0-1"]
[BlackElo "1745"]
[WhiteElo "1452"]

1.c4 Nf6 2.Nc3 e5 3.g3 d5 4.cxd5 Nxd5 5.Bg2 Nb6 6.Nf3 Nc6 7.O-O Be7 8.d3 O-O
9.a3 Be6 10.b4 f6 11.b5 Nd4 12.Rb1 Qd7 13.e3 Nf5 14.Ne1 Nd6 15.a4 c6 16.Qh5
Bg4 17.bxc6 bxc6 18.Bxc6 Bxh5 19.Bxd7 Nxd7 20.Nd5 Kf7 21.Ba3 Be2 22.Rc1 Rac8
23.Nc3 Bxf1 24.Kxf1 e4 25.dxe4 Nxe4 26.Bxe7 Kxe7 27.Nd5+ Kf7 28.Rd1
{ Je ne peux reconstituer la partie. Les Blancs abandonnèrent au 55e coup. }
0-1

[Event "Tournoi Ouvert de Gatineau (B)"]
[Site "Gatineau"]
[Date "2015.03.??"]
[Round "1"]
[White "Lavergne, Daniel "]
[Black "Sabourin, Sebastien "]
[Result "1-0"]
[BlackElo "1353"]
[WhiteElo "1735"]

1.e4 c5 2.Nf3 d6 3.d4 cxd4 4.Nxd4 Nf6 5.Nc3 a6 6.Bg5 e6 7.f4 Be7 8.Qd2 b5
9.a3 Bb7 10.Bxf6 Bxf6 11.O-O-O Nd7 12.Kb1 Nc5 13.Re1 Qa5 14.Ndxb5 O-O 15.Nxd6
Bxc3 16.Qxc3 Qxc3 17.bxc3 Rab8 18.Kc1 Rfd8 19.e5 Bc6 20.Rg1 Rb6 21.Nc4 Rbb8
22.g4 Ne4 23.Re3 Bd5 24.Rxe4 Bxe4 25.Nd6 f5 26.Bc4 Bd5 27.Bxd5 exd5 28.gxf5
Kf8 29.Rd1 Rb6 30.Rxd5 Ke7 31.c4 Rbxd6 32.Rxd6 Rxd6 33.exd6+ Kxd6 34.Kd2 Kc5
35.Kc3 a5 36.h4 Kc6 37.Kd4 a4 38.h5 h6 39.c5 Kd7 40.Kd5 1-0

[Event "Tournoi Ouvert de Gatineau (B)"]
[Site "Gatineau"]
[Date "2015.03.??"]
[Round "2"]
[White "Lavergne, Daniel "]
[Black "Jobin, Gilles G "]
[Result "1/2-1/2"]
[BlackElo "1843"]
[WhiteElo "1735"]

1.e4 d6 2.d4 Nf6 3.Nc3 Nbd7 4.Nf3 e5 5.Bc4 h6 6.h3 Be7 7.Be3 c6 8.a4 Qc7
9.Bb3 Nf8 10.Qe2 Ng6 11.O-O-O a6 12.d5 cxd5 13.Nxd5 Nxd5 14.Bxd5 Bd7 15.b3
Rc8 16.Qc4 Qxc4 17.Bxc4 Bxa4 18.Bxf7+ Kxf7 19.bxa4 Rc4 20.Nd2 Rxa4 21.Kb2 Rc8
22.Kb3 b5 23.Ra1 Nf4 24.Bxf4 exf4 25.c4 Rxa1 26.Rxa1 bxc4+ 27.Nxc4 Rb8+
28.Kc2 Rc8 29.Kd3 Rc6 30.Ra5 1/2-1/2

[Event "Tournoi Ouvert de Gatineau (B)"]
[Site "Gatineau"]
[Date "2015.03.??"]
[Round "2"]
[White "Van, Eric Dusen "]
[Black "Kearnan, Dan "]
[Result "1/2-1/2"]
[BlackElo "1776"]
[WhiteElo "1677"]

1.d4 Nf6 2.Nf3 e6 3.e3 b6 4.Bd3 Bb7 5.O-O c5 6.c4 Be7 7.Nc3 O-O 8.d5 d6 9.e4
Nbd7 10.dxe6 fxe6 11.Ng5 Qc8 12.Nxe6 Re8 13.f3 Ne5 14.Nf4 Nfd7 15.Nfd5 a6
16.a4 Bf6 17.Bf4 Nxd3 18.Nxf6+ Nxf6 19.Qxd3 Re6 20.Rfd1 Qe8 21.Rd2 Rd8 22.Bg5
Qg6 23.Bxf6 gxf6 24.Nd5 Bxd5 25.cxd5 Re5 26.Qxa6 Rde8 27.Qd3 f5 28.exf5 Rxf5
29.Rad1 Qg5 30.Re2 Ref8 31.Qe3 Qg7 32.Kh1 Re5 33.Qd2 Rh5 34.Re4 Kh8 35.Rg4
Qf6 36.Qc3 Re5 37.h3 h5 38.Re4 Qg5 39.Rxe5 dxe5 40.Re1 Re8 41.Qe3 Qg7 42.Qe4
Qg3 43.Re2 Kg8 44.f4 Qb3 45.fxe5 c4 46.d6 Qxa4 47.Qg6+ Kh8 48.Qxe8+ Qxe8
49.e6 Kg7 50.e7 Kf7 51.Rf2+ Kg8 52.Re2 $2
{ Un certain calcul était exigé. Or avec quelques minutes au cadran, rien n'est évident. }
( 52.Rf8+ { +12.46/24 } 52...Qxf8 53.exf8=Q+ Kxf8 54.g4 hxg4 55.hxg4 b5 56.g5
b4 57.g6 c3 58.bxc3 bxc3 59.d7 Ke7 60.d8=Q+ Kxd8 61.g7 Ke7 62.g8=Q c2 63.Qc4
Kd6 64.Kg2 Ke5 65.Qxc2 Kd5 66.Kf3 Ke6 67.Ke4 Kd6 68.Qd3+ Kc6 69.Qd5+ Kc7
70.Ke5 ) 52...Kf7 1/2-1/2

[Event "Tournoi Ouvert de Gatineau (B)"]
[Site "Gatineau"]
[Date "2015.03.??"]
[Round "2"]
[White "Danilov, Alex "]
[Black "Zumsteg, Nicolas "]
[Result "1-0"]
[BlackElo "1726"]
[WhiteElo "1745"]

1.Nf3 Nf6 2.c4 g6 3.g3 Bg7 4.Bg2 O-O 5.O-O d5 6.cxd5 Nxd5 7.Nc3 c6 8.e4 Nxc3
9.bxc3 e5 10.Ba3 Re8 11.Qb3 b6 12.Rfe1 c5 13.d4 exd4 14.cxd4 cxd4 15.Rad1 Bb7
16.e5 Bd5 17.Qa4 Nc6 18.Nxd4 Nxe5 19.Nc6 Nxc6 20.Rxe8+ Qxe8 21.Bxd5 Nd4
22.Rxd4 Qe1+ 23.Kg2 Re8 24.Re4 Rxe4 25.Bxe4 h5 26.Qe8+ Kh7 27.Bxg6+ 1-0

[Event "Tournoi Ouvert de Gatineau (B)"]
[Site "Gatineau"]
[Date "2015.03.??"]
[Round "2"]
[White "Villeneuve, Luc "]
[Black "Vlasenko, Konstantin "]
[Result "1-0"]
[BlackElo "1613"]
[WhiteElo "1804"]

1.Nf3 f5 2.c4 Nf6 3.Nc3 e6 4.d3 Be7 5.g3 O-O 6.Bg2 c5 7.O-O d6 8.Bg5 h6 9.Bd2
e5 10.Nh4 Qe8 11.Nd5 Nxd5 12.Bxd5+ Kh7 13.Ng2 Nd7 14.Ne3 Nf6 15.Bg2 f4 16.Nd5
Nxd5 17.Bxd5 Bh3 18.Bxb7 fxg3 19.hxg3 Rb8 20.Be4+ Kh8 21.Bc3 Bxf1 22.Qxf1 Qh5
23.Re1 Rf6 24.Qg2 Rbf8 25.f4 g5 26.fxe5 dxe5 27.Bxe5 g4 28.Bc3 Kg7 29.Rf1 Qg5
30.Rf4 h5 31.Bf5 Kh6 32.e4 Ra6 33.Bd2 Rxf5 34.Rxf5 Rxa2 35.Bxg5+ Bxg5 36.Rxg5
Kxg5 37.Qd2+ Kg6 38.Kg2 a5 39.Qc3 a4 40.Kf1 Ra1+ 41.Ke2 Rh1 42.Qe5 Rh2+
43.Ke3 h4 44.Qd6+ Kf7 45.Qd7+ Kf6 46.Qf5+ Ke7 47.Qxc5+ Kd8 48.Qg5+ Ke8
49.gxh4 Rh3+ 50.Kd4 g3 51.Qb5+ Kf7 52.Qf5+ 1-0

[Event "Tournoi Ouvert de Gatineau (B)"]
[Site "Gatineau"]
[Date "2015.03.??"]
[Round "2"]
[White "Morel, Joseph "]
[Black "Ju, Terrence "]
[Result "1/2-1/2"]
[BlackElo "1696"]
[WhiteElo "1780"]

1.e4 c5 2.Nf3 Nc6 3.d4 cxd4 4.Nxd4 g6 5.c4 Bg7 6.Be3 Nf6 7.Nc3 d6 8.Be2 O-O
9.Qd2 Ng4 10.Bxg4 Bxg4 11.f3 Bd7 12.O-O-O Ne5 13.b3 Rc8 14.Kb1 Nxc4 15.bxc4
Rxc4 16.Nd5 e6 17.Nc3 Qa5 18.Nce2 Rb4+ 19.Ka1 Bb5 20.Rb1 Rxd4 21.Qxa5 Ra4+
22.Qc3 Bxe2 23.Qxg7+ Kxg7 24.Rxb7 Bc4 25.Rxa7 Rxa7 26.Bxa7 Ra8 27.Bd4+ e5
1/2-1/2

[Event "Tournoi Ouvert de Gatineau (B)"]
[Site "Gatineau"]
[Date "2015.03.??"]
[Round "2"]
[White "Echavarria-hidalgo, Fernando "]
[Black "Danis, Jacques "]
[Result "0-1"]
[BlackElo "1711"]
[WhiteElo "1772"]

1.Nf3 g6 2.g3 Bg7 3.Bg2 Nf6 4.c4 c6 5.Nc3 O-O 6.d4 d5 7.cxd5 Nxd5 8.Nxd5 cxd5
9.O-O Nc6 10.e3 Bg4 11.h3 Bxf3 12.Bxf3 Qd7 13.Kh2 Rac8 14.Bg4 f5 15.Bf3 Rfd8
16.Bd2 e5 17.dxe5 Nxe5 18.Be2 Nc4 19.Bxc4 dxc4 20.Bc3 Bxc3 21.Qxd7 Rxd7
22.bxc3 Rd3 23.Rfc1 Kf7 24.Rc2 Ke6 25.g4 Rcd8 26.Kg3 Rd2 27.Rac1 Rxc2 28.Rxc2
Rd3 29.Kf4 Kf6 30.g5+ Ke6 31.h4 b6 32.Kf3 Ke5 33.Kg2 f4 34.Kf3 fxe3 35.fxe3
Rd1 36.Rh2 Rd3 37.h5 Rxc3 38.hxg6 hxg6 39.Rh7 Ra3 40.Rc7 Rxa2 41.Rxc4 Kf5
42.Rc1 Kxg5 43.Rg1+ Kf6 44.e4 b5 45.Re1 Ke5 46.Rg1 Ra3+ 47.Ke2 Kxe4 48.Rxg6
Ra2+ 49.Kd1 a5 50.Rg4+ Kd3 51.Rg3+ Kc4 52.Rg4+ Kb3 53.Rg3+ Ka4 54.Rg4+ b4
55.Kc1 Ka3 56.Rg3+ b3 57.Kb1 Rh2 58.Rg1 a4 59.Rf1 Rc2 60.Rf4 Re2 61.Rf1 Re4
62.Ka1 Kb4 63.Rh1 a3 64.Rg1 Re3 65.Rg4+ Kc3 66.Rg1 Re2 67.Rg3+ Kc2 68.Rg1 Kd2
69.Rb1 Re1 70.Rxe1 Kxe1 71.Kb1 Kd2 72.Ka1 Kc3 73.Kb1 b2 74.Ka2 Kc2 75.Kxa3
b1=Q 0-1

[Event "Tournoi Ouvert de Gatineau (B)"]
[Site "Gatineau"]
[Date "2015.03.??"]
[Round "2"]
[White "Montreuil, Carl "]
[Black "Perkins, Simon "]
[Result "0-1"]
[BlackElo "1677"]
[WhiteElo "1764"]

1.e4 d5 2.exd5 Qxd5 3.Nc3 Qd6 4.Nb5 Qb6 5.c3 c6 6.Nd4 Nf6 7.d3 Bg4 8.Qc2 e6
9.Be2 Bc5 10.b4 Bxd4 11.cxd4 Qxb4+ 12.Bd2 Qd6 13.Rb1 b6 14.Nf3 Nd5 15.O-O Nd7
16.Rfe1 O-O 17.Ne5 Bxe2 18.Rxe2 Rfc8 19.Nc4 Qe7 20.Qc1 c5 21.Qb2 Qf6 22.Ne5
Nxe5 23.dxe5 Qf5 24.Re4 Rd8 25.Qc2 Rd7 26.f3 f6 27.f4 Rad8 28.h3 h5 29.Rbe1
Nc7 30.exf6 gxf6 31.R1e3 Kh7 32.g4 hxg4 33.Re5 fxe5 34.Rxe5 Qxd3 35.Rh5+ Kg8
36.Qb2 Qd4+ 37.Qxd4 Rxd4 38.Bc3 Rd1+ 39.Kf2 gxh3 40.Rxh3 Nd5 41.Rh8+ Kf7
42.Rxd8 Rd3 43.Be5 Rd2+ 44.Kg3 Rxa2 45.Rd7+ Ke8 46.Rh7 Ra3+ 47.Kf2 a5 48.Ke2
Ra1 49.Rb7 Ra2+ 50.Kd3 a4 51.Ke4 Re2+ 52.Kd3 Re3+ 53.Kc2 Rb3 54.Ra7 b5 55.Bd6
c4 56.Ra5 Kf7 57.Be5 Kg6 58.Ra7 a3 59.Rg7+ Kf5 60.Rg5+ Ke4 61.Rg6 Nxf4
62.Bxf4 Kxf4 63.Rxe6 b4 64.Rf6+ Ke5 65.Ra6 Kd4 66.Ra5 Rb2+ 67.Kc1 Kc3 68.Rh5
Kb3 69.Rd5 c3 70.Rd4 a2 71.Rxb4+ Kxb4 0-1

[Event "Tournoi Ouvert de Gatineau (B)"]
[Site "Gatineau"]
[Date "2015.03.??"]
[Round "2"]
[White "Seguin, Hubert "]
[Black "Raymond, Daniel "]
[Result "1/2-1/2"]
[BlackElo "1757"]
[WhiteElo "1648"]

1.e4 c5 2.Nc3 Nc6 3.g3 g6 4.Bg2 Bg7 5.d3 d6 6.f4 e6 7.Nf3 Nge7 8.Be3 Nd4
9.O-O Bd7 10.Ne2 Nxf3+ 11.Bxf3 Bc6 12.c3 b5 13.d4 d5 14.e5 Nf5 15.Qd2 Nxe3
16.Qxe3 c4 17.g4 Bh6 18.Qf2 Bf8 19.Ng3 Qd7 20.Bg2 Be7 21.f5 O-O-O 22.Qe3 Rdf8
23.Rf2 gxf5 24.gxf5 Rhg8 25.f6 Bd8 26.Rf4 Bb6 27.Rh4 Rh8 28.Ne2 Rfg8 29.Qh3
Rg5 30.Kh1 h5 31.Ng3 Qe8 32.Rxh5 Rhxh5 33.Nxh5 Qh8 34.Nf4 Qxh3 35.Bxh3 Bd7
36.Rg1 Rxg1+ 37.Kxg1 Kd8 38.Kg2 Ke8 39.Kg3 a5 40.Kh4 b4 41.Kg5 Bb5 42.Ne2 Kf8
43.Bg4 b3 44.a3 a4 45.h4 Kg8 46.h5 Kh7 47.h6 Ba5 48.Bh5 Be8 49.Bg4 Bb6
1/2-1/2

[Event "Tournoi Ouvert de Gatineau (B)"]
[Site "Gatineau"]
[Date "2015.03.??"]
[Round "2"]
[White "Arsenault, Yves "]
[Black "Martin, Spencer "]
[Result "1/2-1/2"]
[BlackElo "1756"]
[WhiteElo "1603"]

1.e4 e5 2.Nf3 Nf6 3.Nc3 Bb4 4.d3 O-O 5.Be2 Nc6 6.O-O h6 7.h3 Re8 8.Be3 Bxc3
9.bxc3 d5 10.exd5 Nxd5 11.Bd2 Nf4 12.Bxf4 exf4 13.d4 Qf6 14.Bd3 Bf5 15.Bb5
Re7 16.Qd2 g5 17.Rfe1 Be4 18.Bxc6 Bxc6 19.Rxe7 Qxe7 20.Ne5 Qd6 21.Qd3 Re8
22.Qf5 Qe6 23.Qd3 Re7 24.c4 Be8 25.Kf1 f6 26.Nf3 Kg7 27.Re1 Qd7 28.Rxe7+ Qxe7
29.d5 Bg6 30.Qc3 Qe4 31.Nd4 Bf5 32.f3 Qe5 33.Nxf5+ Qxf5 34.Qd2 Qe5 35.c3 b6
36.Qd4 Qe7 37.Qe4 Qc5 38.Ke2 Qg1 39.Qe7+ Kg6 40.Qe8+ Kg7 41.Qe7+ Kg6
1/2-1/2

[Event "Tournoi Ouvert de Gatineau (B)"]
[Site "Gatineau"]
[Date "2015.03.??"]
[Round "2"]
[White "Yun, Ling Shi "]
[Black "Ju, Lawrence "]
[Result "1-0"]
[BlackElo "1553"]
[WhiteElo "1716"]

1.e4 c5 2.Nf3 Nc6 3.d4 cxd4 4.Nxd4 Nf6 5.Nc3 g6 6.Nxc6 dxc6 7.Qxd8+ Kxd8
8.Bf4 Bg7 9.O-O-O+ Bd7 10.Be2 e6 11.Bf3 Ne8 12.Na4 b6 13.e5 Kc7 14.Rd3 Rd8
15.Rhd1 h5 16.Nc3 Bh6 17.Bxh6 Rxh6 18.Ne4 Rh8 19.Ng5 Rf8 20.Be4 Ng7 21.Nh7
Rh8 22.Nf6 Bc8 23.Rxd8 Rxd8 24.Rxd8 Kxd8 25.Bxc6 h4 26.g4 hxg3 27.hxg3 Ba6
28.Kd2 Kc7 29.Bg2 Bb5 30.g4 Ne8 31.Nxe8+ Bxe8 32.Ke3 Bc6 33.Bxc6 Kxc6 34.Kd4
b5 35.a3 a5 36.b4 axb4 37.axb4 Kb6 38.c4 bxc4 39.Kxc4 Kc6 40.b5+ Kb6 41.Kb4
Kb7 42.Kc5 Kc7 43.b6+ Kb7 44.Kb5 Kb8 45.Kc6 g5 46.b7 1-0

[Event "Tournoi Ouvert de Gatineau (B)"]
[Site "Gatineau"]
[Date "2015.03.??"]
[Round "2"]
[White "Senechal, Sylvain "]
[Black "Langer, Herb "]
[Result "1-0"]
[BlackElo "1730"]
[WhiteElo "1837"]

1.e4 e5 2.d4 exd4 3.c3 dxc3 4.Bc4 d6 5.Qb3 Qe7 6.Nxc3 Nf6 7.Bg5 c6 8.O-O-O
Be6 9.Nf3 Bxc4 10.Qxc4 Nbd7 11.Rhe1 Ne5 12.Nxe5 Qxe5 13.f4 Qe6 14.Qa4 Be7
15.Nd5 Qd7 16.Nxe7 Qxe7 17.e5 1-0

[Event "Tournoi Ouvert de Gatineau (B)"]
[Site "Gatineau"]
[Date "2015.03.??"]
[Round "2"]
[White "Legault, Stephane "]
[Black "Bilodeau, Victor "]
[Result "0-1"]
[BlackElo "1771"]
[WhiteElo "1686"]

1.e4 e5 2.f4 exf4 3.Nf3 d6 4.d4 g5 5.h4 Be7 6.Bc4 g4 7.Bxf4 gxf3 8.Qxf3 Nf6
9.Qb3 O-O 10.Bh6 Nxe4 11.g3 Nc6 12.Bxf8 Qxf8 13.Rf1 Nd8 14.Qe3 Nf6 15.Nd2 Bg4
16.Nf3 Bh3 17.O-O-O Bxf1 18.Rxf1 Ng4 19.Qf4 Qh6 20.Ng5 Bxg5 21.hxg5 Qh5
22.Be2 Ne6 23.Qe4 Qxg5+ 24.Kb1 Ne3 25.Rf3 Nd5 26.Bd3 Qh5 27.Rf1 c6 28.Rh1 Nf6
29.Qe1 Qd5 30.Rh6 Qxd4 31.Qh1 Ng5 32.Qc1 Nge4 33.g4 Nxg4 34.Rh4 Ngf6 35.Qh1
d5 36.a3 Re8 37.Qg2+ Kh8 38.Ka2 Nc3+ 39.bxc3 Qxh4 0-1

[Event "Tournoi Ouvert de Gatineau (B)"]
[Site "Gatineau"]
[Date "2015.03.??"]
[Round "2"]
[White "Demchenko, Svitlana "]
[Black "Bergeron, Jean-guy "]
[Result "1-0"]
[BlackElo "1452"]
[WhiteElo "1760"]

1.e4 Nc6 2.d4 e5 3.Nf3 exd4 4.Bc4 Bc5 5.c3 Nf6 6.e5 Ng4 7.cxd4 Bb4+ 8.Bd2
Bxd2+ 9.Qxd2 d5 10.Bb3 a5 11.Nc3 Be6 12.O-O O-O 13.a3 Kh8 14.Bc2 f6 15.h3 Nh6
16.Rfe1 fxe5 17.Nxe5 Qf6 18.Nxc6 bxc6 19.Na4 Nf5 20.Rad1 Rae8 21.Nc5 Nh4
22.Nxe6 Rxe6 23.Rxe6 Qxe6 24.Qe1 Qf6 25.Qe3 Rg8 26.Re1 Qd8 27.Qe7 Rf8 28.Qxd8
Rxd8 29.Re7 Rc8 30.Re6 c5 31.dxc5 Kg8 32.Re5 c6 33.Bxh7+ Kh8 34.Rh5 g5
35.Bf5+ 1-0

[Event "Tournoi Ouvert de Gatineau (B)"]
[Site "Gatineau"]
[Date "2015.03.??"]
[Round "3"]
[White "Jobin, Gilles G "]
[Black "Danilov, Alex "]
[Result "0-1"]
[BlackElo "1745"]
[WhiteElo "1843"]

1.d3 e5 2.g3 g6 3.Bg2 Bg7 4.e4 Ne7 5.Nc3 c6 6.Nge2 O-O 7.Be3 d5 8.exd5 cxd5
9.Bc5 Nbc6 10.O-O Re8 11.a4 a6 12.Ba3 Be6 13.Nc1 Nd4 14.N3e2 Nxe2+ 15.Nxe2
Qd7 16.c3 Rab8 17.Bxe7 Rxe7 18.f4 Bg4 19.Bf3 Bxf3 20.Rxf3 e4 21.Rf1 d4 22.c4
exd3 23.Nc1 Re3 24.Nxd3 Qf5 25.Ra3 Rbe8 26.Rf2 b5 27.axb5 axb5 28.cxb5 Qxb5
29.Rd2 Rb8 30.Qa4 Qh5 31.Qa5 Qf3 32.Rf2 Qe4 33.Qd2 Bf8 34.Ne5 Re1+ 35.Rf1
Rxf1+ 36.Kxf1 Qh1+ 37.Ke2 Qxh2+ 38.Kd1 Qxd2+ 39.Kxd2 0-1

[Event "Tournoi Ouvert de Gatineau (B)"]
[Site "Gatineau"]
[Date "2015.03.??"]
[Round "3"]
[White "Danis, Jacques "]
[Black "Villeneuve, Luc "]
[Result "1-0"]
[BlackElo "1804"]
[WhiteElo "1711"]

1.e4 g6 2.d4 Bg7 3.Nf3 d6 4.Be2 Nf6 5.Nbd2 a6 6.c4 Nbd7 7.Qc2 e5 8.dxe5 dxe5
9.O-O b6 10.b3 Qe7 11.Bb2 O-O 12.Rfe1 Re8 13.Rad1 Bb7 14.Bd3 Rad8 15.a3 a5
16.Bf1 Qc5 17.Nb1 Bf8 18.Nc3 Qc6 19.Nd5 Bg7 20.Nxf6+ Bxf6 21.b4 axb4 22.axb4
Ra8 23.Bd3 Re7 24.Ra1 Rxa1 25.Rxa1 Re8 26.Bc3 Ra8 27.Rxa8+ Bxa8 28.h4 h6
29.g3 Kh7 30.Nh2 Bg7 31.Kg2 f5 32.f3 f4 33.Qb2 Qd6 34.Qe2 fxg3 35.Kxg3 Nf6
36.Kg2 Nh5 37.Bd2 Bf6 38.Ng4 Bxh4 39.Nxh6 Nf4+ 40.Bxf4 exf4 41.Ng4 Qd4 42.b5
Bb7 43.e5 Kg7 44.e6 Be7 45.Qc2 Bc5 46.Qe2 Qg1+ 47.Kh3 Qh1+ 48.Nh2 Bg1 49.Qe5+
Kh7 50.Qxf4 Bxh2 51.Qxh2 Qxh2+ 52.Kxh2 Kg7 53.Kg3 Kf6 54.e7 Kxe7 55.Bxg6 Kf6
56.Be4 Bc8 57.Kf4 Bh3 58.Bd5 Bf1 59.Ke4 Bg2 60.Kd4 Bh1 61.f4 Bxd5 62.Kxd5 Ke7
63.f5 Kd7 64.f6 Ke8 65.Kc6 Kd8 66.f7 Ke7 67.Kxc7 1-0

[Event "Tournoi Ouvert de Gatineau (B)"]
[Site "Gatineau"]
[Date "2015.03.??"]
[Round "3"]
[White "Kearnan, Dan "]
[Black "Yun, Ling Shi "]
[Result "1/2-1/2"]
[BlackElo "1716"]
[WhiteElo "1776"]

1.d4 d5 2.c4 e6 3.Nf3 Nf6 4.g3 Bd6 5.Bg2 Bd7 6.O-O O-O 7.Qc2 Bc6 8.Rd1 Nbd7
9.Bg5 h6 10.Bf4 Bxf4 11.gxf4 Qe7 12.Ne5 Nxe5 13.dxe5 Ne4 14.Nc3 Nxc3 15.Qxc3
Rad8 16.Rd4 f6 17.Rad1 fxe5 18.fxe5 dxc4 19.Bxc6 bxc6 20.Qxc4 Rxd4 21.Qxd4 c5
22.Qe3 Rf5 23.f4 Qh4 24.Rf1 g5 25.Qb3 Qg4+ 26.Kh1 Rf7 27.e3 Qe2 28.Rd1 Qf3+
29.Kg1 Qg4+ 30.Kf2 Qh4+ 31.Kg1 1/2-1/2

[Event "Tournoi Ouvert de Gatineau (B)"]
[Site "Gatineau"]
[Date "2015.03.??"]
[Round "3"]
[White "Perkins, Simon "]
[Black "Lavergne, Daniel "]
[Result "0-1"]
[BlackElo "1735"]
[WhiteElo "1677"]

1.d4 d5 2.Bf4 Nf6 3.e3 e6 4.Bd3 c5 5.c3 Nc6 6.Nd2 Bd6 7.Bg3 cxd4 8.exd4 Qc7
9.Ngf3 Bd7 10.Qe2 Bf4 11.Bxf4 Qxf4 12.g3 Qc7 13.Rc1 O-O 14.Ne5 Nxd4 15.Qe3
Nc6 16.Nxd7 Qxd7 17.Nf3 Rad8 18.O-O Qd6 19.Rcd1 Rfe8 20.Bb5 a6 21.Ba4 b5
22.Bc2 e5 23.Qb6 Nd4 24.Qxd6 Nxf3+ 25.Kg2 Rxd6 26.Kxf3 e4+ 27.Kg2 e3 28.fxe3
Ng4 29.Rf3 Nxe3+ 30.Rxe3 Rxe3 31.Kf2 Re7 32.Rd4 Rf6+ 0-1

[Event "Tournoi Ouvert de Gatineau (B)"]
[Site "Gatineau"]
[Date "2015.03.??"]
[Round "3"]
[White "Raymond, Daniel "]
[Black "Van, Eric Dusen "]
[Result "0-1"]
[BlackElo "1677"]
[WhiteElo "1757"]

1.e4 e6 2.d4 d5 3.Nd2 Be7 4.Bd3 c5 5.c3 Nc6 6.Ne2 Qb6 7.Nf3 cxd4 8.cxd4 Bb4+
9.Bd2 Bxd2+ 10.Qxd2 Qb4 11.O-O Qxd2 12.Nxd2 Nb4 13.Bb5+ Bd7 14.Bxd7+ Kxd7
15.a3 Nc6 16.exd5 exd5 17.Nf3 f6 18.Nc3 Nge7 19.Rfe1 Rhe8 20.Rad1 Rac8 21.Na4
b6 22.Kf1 Na5 23.Rc1 Nc4 24.Rc3 Rc6 25.Rec1 Rec8 26.g4 R8c7 27.Kg2 Nc8 28.g5
N8d6 29.Re1 Ne4 30.Rb3 fxg5 31.Nc3 Nxc3 32.Rxc3 h6 33.b3 g4 34.bxc4 gxf3+
35.Rxf3 Rxc4 36.Rf7+ Kc8 37.Re8+ Kb7 38.Ree7 Rxe7 39.Rxe7+ Rc7 40.Re5 Kc6
41.a4 Kd6 42.a5 bxa5 43.Re3 Rc4 44.Ra3 a4 45.Rd3 a5 46.Kg3 Rb4 47.Rd2 a3
48.f4 Rb3+ 49.Kg4 Rb2 50.Rd3 a2 51.Ra3 Rxh2 52.Rxa5 g6 53.Ra6+ Kc7 54.f5
gxf5+ 55.Kxf5 h5 56.Ke5 h4 57.Kf4 Kb7 58.Ra3 Kb6 59.Ke5 h3 60.Kxd5 Rb2 61.Ra8
Kb7 62.Rh8 h2 63.Rh7+ Kb6 64.Kc4 a1=Q 0-1